Vṛddhāñcē jīvanaśāstra. (Record no. 57080)

MARC details
000 -LEADER
fixed length control field 00551cam a22002171 4500
001 - CONTROL NUMBER
control field sa 64001982
003 - CONTROL NUMBER IDENTIFIER
control field DLC
005 - DATE AND TIME OF LATEST TRANSACTION
control field 20260227112006.0
008 - FIXED-LENGTH DATA ELEMENTS--GENERAL INFORMATION
fixed length control field 941104s1963 ii a 000 0 maro
010 ## - LIBRARY OF CONGRESS CONTROL NUMBER
LC control number sa 64001982
025 ## - OVERSEAS ACQUISITION NUMBER
Overseas acquisition number PL480:I-Mar-511
035 ## - SYSTEM CONTROL NUMBER
System control number (OCoLC)31407569
040 ## - CATALOGING SOURCE
Original cataloging agency DLC
Transcribing agency CU
Modifying agency CU
-- DLC
050 00 - LIBRARY OF CONGRESS CALL NUMBER
Classification number HQ1061
Item number .M45
100 1# - MAIN ENTRY--PERSONAL NAME
Personal name Mhaskar, Krishnaji Shripat,
Dates associated with a name 1879-
245 10 - TITLE STATEMENT
Title Vṛddhāñcē jīvanaśāstra.
260 ## - PUBLICATION, DISTRIBUTION, ETC.
Date of publication, distribution, etc. 1963.
300 ## - PHYSICAL DESCRIPTION
Extent 118 p.
Other physical details illus.
Dimensions 18 cm.
500 ## - GENERAL NOTE
General note In Marathi.
650 #0 - SUBJECT ADDED ENTRY--TOPICAL TERM
Topical term or geographic name entry element Older people.

No items available.

Powered by Koha